| 000 | 00938nam a22002777a 4500 | ||
|---|---|---|---|
| 001 | 25493 | ||
| 005 | 20260429162241.0 | ||
| 008 | 260427b |||||||| |||| 00| 0 spa d | ||
| 020 | _a9786129916590 | ||
| 041 | _aESP | ||
| 082 |
_a346.6 _bP19C |
||
| 100 |
_aPalacios Matínez, Eric _eAUT |
||
| 245 | _aCláusulas esenciales en los contratos civiles | ||
| 250 | _aPrimera edición | ||
| 260 |
_aLima : _bGrupo Praxis Formación Profesional, _c2026 |
||
| 300 |
_a254 páginas : _c25 cm. |
||
| 440 | _aBiblioteca especializada. Serie Derecho civil | ||
| 650 | _aCIS | ||
| 653 | _aDerecho civil - Perú; Contratos - Perú; Cláusulas (Derecho) | ||
| 654 | _aCDE | ||
| 700 |
_aVarsi Rospigliosi, Enrique _eAUT |
||
| 700 |
_aAbanto, Juan Pablo _eAUT |
||
| 700 |
_aOsterling Parodi, Felipe [y otros ocho] _eAUTS |
||
| 856 |
_uhttps://itmsp.museknowledge.com/UCSP _zVéase además: Biblioteca Digital |
||
| 942 |
_cDIC _dJUS _fMAT _n0 _2ddc |
||
| 999 |
_c25493 _d25493 |
||